[Event "CZE-ch Amateurs Blitz"]
[Site "Hluk"]
[Date "2025.05.09"]
[Round "7"]
[White "Jun, Rudolf"]
[Black "Mik, Tomas"]
[Result "1-0"]
[WhiteElo "2212"]
[BlackElo "1933"]
[PlyCount "85"]
[EventDate "2025.05.09"]
[EventType "swiss (blitz)"]
[EventRounds "13"]
[EventCountry "CZE"]
[SourceTitle "CB20_2025"]
[SourceDate "2025.05.14"]
[SourceVersion "1"]
[SourceVersionDate "2025.05.14"]
[SourceQuality "1"]

1. e4 e5 2. c3 d5 3. d3 Nf6 4. Qc2 dxe4 5. dxe4 Be7 6. Nf3 0-0 7. Be2 b6 8. Nxe5 Bb7 9. f3 Bc5 10. b4 Bd6 11. Nd3 Re8 12. Bg5 h6 13. Bh4 g5 14. Bf2 a5 15. b5 Qd7 16. a4 Qe6 17. Nd2 Nbd7 18. 0-0 Rad8 19. Nb3 Ne5 20. Nd4 Qd7 21. Rad1 Nh5 22. Nf5 Qe6 23. Nxd6 cxd6 24. Bxb6 Rc8 25. Nxe5 Qxe5 26. Bd4 Qf4 27. Qd2 d5 28. e5 Qf5 29. g4 Qg6 30. gxh5 Qxh5 31. f4 Qh4 32. Bf2 Qh3 33. Qe3 Qf5 34. Bd3 Qe6 35. f5 Qe7 36. Qd4 Red8 37. Rfe1 Rd7 38. e6 Rdc7 39. exf7+ Qxf7 40. Qe5 Qh5 41. Qe6+ Kh8 42. Bd4+ Kh7 43. Qg6+ 1-0

[Event "CZE-chT1W 2425"]
[Site "Czech Republic"]
[Date "2025.02.16"]
[Round "8.5"]
[White "Mik, Tomas"]
[Black "Postupa, Pavel1"]
[Result "1/2-1/2"]
[WhiteElo "2108"]
[BlackElo "2168"]
[PlyCount "202"]
[EventDate "2024.10.20"]
[EventType "team-tourn"]
[EventRounds "11"]
[EventCountry "CZE"]
[SourceTitle "CB16_2025"]
[SourceDate "2025.04.16"]
[SourceVersion "1"]
[SourceVersionDate "2025.04.16"]
[SourceQuality "1"]
[WhiteTeam "Neratovice"]
[BlackTeam "Pankrac"]
[WhiteTeamCountry "CZE"]
[BlackTeamCountry "CZE"]

1. e4 c5 2. Nf3 d6 3. d4 cxd4 4. Nxd4 Nf6 5. Nc3 a6 6. Be2 e5 7. Nb3 Be6 8. 0-0 Be7 9. f4 exf4 10. Bxf4 Nc6 11. Qe1 0-0 12. Kh1 Ne5 13. Qg3 Nfd7 14. Rad1 Qc7 15. Nd4 Rfe8 16. Bg5 Bf8 17. Nf5 Kh8 18. Bd3 Rac8 19. Qh4 Qb6 20. Bc1 Nc5 21. Ne3 Ncxd3 22. cxd3 Qd4 23. Nc2 Qb6 24. Ne3 Qa5 25. d4 Ng6 26. Qf2 f6 27. Bd2 Qb4 28. Be1 Bc4 29. Ncd5 Qb5 30. Nxc4 Rxc4 31. b3 Rc2 32. Bd2 Rxe4 33. Nc3 Rxc3 34. Bxc3 d5 35. Rfe1 Bd6 36. Rxe4 dxe4 37. d5 Nf4 38. Rd4 e3 39. Qxe3 Qf1+ 40. Qg1 Qxg1+ 41. Kxg1 Bc5 42. Kf1 Bxd4 43. Bxd4 Nxd5 44. Ke2 Kg8 45. Kf3 Kf7 46. Ke4 Ke6 47. h4 h5 48. a3 g6 49. g3 Ne7 50. Be3 Nf5 51. Bf4 Nd6+ 52. Kd4 Nc8 53. a4 Nb6 54. a5 Nd7 55. b4 Ne5 56. Ke4 Nf7 57. Kd4 g5 58. hxg5 fxg5 59. Bb8 Nd8 60. Kc5 Nc6 61. Bc7 Kd7 62. Kb6 Kc8 63. Bd6 Nd4 64. Be5 Nf3 65. Bd6 h4 66. gxh4 gxh4 67. b5 axb5 68. Kxb5 Nd4+ 69. Kb6 h3 70. Bf4 Ne2 71. Be5 Nc3 72. Bh2 Nd5+ 73. Kc5 Nf6 74. Kb6 Nd7+ 75. Kb5 Kd8 76. Bg3 Ke7 77. Bh2 Ke6 78. Bg3 Kd5 79. Bh2 Ke4 80. Bg3 Kf3 81. Bc7 Ke4 82. Bh2 Ne5 83. Kb6 Nc4+ 84. Kb5 Kd5 85. Bg3 Kd4 86. Bh2 Ne5 87. Kb6 Nc4+ 88. Kb5 Kd3 89. Bg3 Kd4 90. Bh2 Kd5 91. Bg3 Ne5 92. Kb6 Nc6 93. Bh2 Kc4 94. Bd6 Nxa5 95. Kxa5 b5 96. Be5 Kc5 97. Bh2 Kc4 98. Be5 b4 99. Ka4 Kd5 100. Bh2 Kc4 101. Be5 b3 1/2-1/2

[Event "CZE-chT1W 2425"]
[Site "Czech Republic"]
[Date "2025.01.19"]
[Round "6.4"]
[White "Svoboda, Svatopluk"]
[Black "Mik, Tomas"]
[Result "1-0"]
[WhiteElo "2346"]
[BlackElo "2108"]
[PlyCount "43"]
[EventDate "2024.10.20"]
[EventType "team-tourn"]
[EventRounds "11"]
[EventCountry "CZE"]
[SourceTitle "CB16_2025"]
[SourceDate "2025.04.16"]
[SourceVersion "1"]
[SourceVersionDate "2025.04.16"]
[SourceQuality "1"]
[WhiteTeam "Kolesovice Cesky Lev"]
[BlackTeam "Neratovice"]
[WhiteTeamCountry "CZE"]
[BlackTeamCountry "CZE"]

1. e4 e5 2. Nf3 Nc6 3. Bc4 Nf6 4. d4 exd4 5. e5 d5 6. Bb5 Ne4 7. Nxd4 Bc5 8. Be3 0-0 9. Nxc6 bxc6 10. Bxc5 Nxc5 11. Bxc6 Rb8 12. Qxd5 Qe7 13. 0-0 Rxb2 14. Nc3 Rxc2 15. Qd4 Rd8 16. Nd5 Qg5 17. Rfd1 Ne6 18. Qa4 Re2 19. h4 Qh6 20. Ne7+ Kh8 21. Rxd8+ Nxd8 22. Bf3 1-0

[Event "CZE-chT1W 2425"]
[Site "Czech Republic"]
[Date "2024.11.24"]
[Round "3.6"]
[White "Janous, Marek"]
[Black "Mik, Tomas"]
[Result "1-0"]
[WhiteElo "2100"]
[BlackElo "2108"]
[PlyCount "141"]
[EventDate "2024.10.20"]
[EventType "team-tourn"]
[EventRounds "11"]
[EventCountry "CZE"]
[SourceTitle "CB16_2025"]
[SourceDate "2025.04.16"]
[SourceVersion "1"]
[SourceVersionDate "2025.04.16"]
[SourceQuality "1"]
[WhiteTeam "Pisek"]
[BlackTeam "Neratovice"]
[WhiteTeamCountry "CZE"]
[BlackTeamCountry "CZE"]

1. e4 e5 2. Nf3 Nc6 3. Nc3 Nf6 4. Bb5 Bb4 5. 0-0 0-0 6. Bxc6 dxc6 7. d3 Bxc3 8. bxc3 Qe7 9. a4 Rd8 10. Ba3 c5 11. Nd2 b6 12. Qe2 Ba6 13. c4 Qd6 14. Bb2 Re8 15. f4 exf4 16. Qf3 Nd7 17. Qxf4 Qxf4 18. Rxf4 Re7 19. Nf1 Bb7 20. Ne3 f6 21. h4 Ne5 22. h5 h6 23. Nf5 Rf7 24. Raf1 Re8 25. Ne3 Bc8 26. Bc3 c6 27. Rb1 Bd7 28. Nf5 Bxf5 29. Rxf5 Nd7 30. a5 Ra8 31. Rff1 Rff8 32. Rb3 Rfe8 33. Ra1 Kf7 34. axb6 axb6 35. Rba3 Rxa3 36. Rxa3 Ke6 37. Ra7 Kd6 38. Bd2 Rc8 39. Bf4+ Ke6 40. Kf2 b5 41. cxb5 cxb5 42. Ke2 Rc6 43. Kd2 Rc8 44. c3 Rc6 45. d4 cxd4 46. cxd4 Rc4 47. Kd3 Rb4 48. Ra6+ Kf7 49. Ra7 Ke6 50. Rb7 Rb2 51. Bd2 Rb3+ 52. Kc2 Rg3 53. Rxb5 Rxg2 54. Kd3 Kd6 55. Bf4+ Kc6 56. Rb1 Ra2 57. Rc1+ Kb5 58. Rc7 Ra3+ 59. Ke2 Nb6 60. Rxg7 Rh3 61. Rg6 Rxh5 62. Rxf6 Rh4 63. Kf3 Rh3+ 64. Kg4 Rd3 65. Rxh6 Nc4 66. d5 Rd4 67. Kf5 Rd1 68. Ke6 Ra1 69. d6 Nb6 70. Rh2 Ra7 71. Rb2+ 1-0

[Event "CZE-chT1W 2425"]
[Site "Czech Republic"]
[Date "2024.11.10"]
[Round "2.4"]
[White "Mik, Tomas"]
[Black "Pachmann, Ales"]
[Result "0-1"]
[WhiteElo "2108"]
[BlackElo "2293"]
[PlyCount "54"]
[EventDate "2024.10.20"]
[EventType "team-tourn"]
[EventRounds "11"]
[EventCountry "CZE"]
[SourceTitle "CB16_2025"]
[SourceDate "2025.04.16"]
[SourceVersion "1"]
[SourceVersionDate "2025.04.16"]
[SourceQuality "1"]
[WhiteTeam "Neratovice"]
[BlackTeam "Praha Dopravni Podnik"]
[WhiteTeamCountry "CZE"]
[BlackTeamCountry "CZE"]

1. e4 c5 2. Nf3 Nc6 3. Nc3 g6 4. d4 cxd4 5. Nxd4 Bg7 6. Be3 Nf6 7. Nxc6 bxc6 8. e5 Ng8 9. Bd4 Qc7 10. e6 Nf6 11. exd7+ Bxd7 12. Bc4 0-0 13. Qe2 Rfe8 14. 0-0-0 e5 15. Be3 Rab8 16. h3 Be6 17. g4 Nd5 18. Bd2 e4 19. Bb3 Nxc3 20. Bxc3 Bxc3 21. bxc3 c5 22. c4 Qe5 23. Qe3 a5 24. f4 Qf6 25. f5 Bxc4 26. Qxc5 Qa1+ 27. Kd2 e3+ 0-1

[Event "CZE-chT1W 2425"]
[Site "Czech Republic"]
[Date "2024.10.20"]
[Round "1.5"]
[White "Mik, Tomas"]
[Black "Mikes, Jan"]
[Result "0-1"]
[WhiteElo "2108"]
[BlackElo "2349"]
[PlyCount "72"]
[EventDate "2024.10.20"]
[EventType "team-tourn"]
[EventRounds "11"]
[EventCountry "CZE"]
[SourceTitle "CB45_2024"]
[Source "ChessBase"]
[SourceDate "2024.11.06"]
[SourceVersion "1"]
[SourceVersionDate "2024.11.06"]
[SourceQuality "1"]
[WhiteTeam "Neratovice"]
[BlackTeam "Lysa nad Labem II"]
[WhiteTeamCountry "CZE"]
[BlackTeamCountry "CZE"]

1. e4 c5 2. Nf3 Nc6 3. d4 cxd4 4. Nxd4 e5 5. Nf5 d5 6. exd5 Bxf5 7. dxc6 Qxd1+ 8. Kxd1 bxc6 9. Nc3 0-0-0+ 10. Bd2 Nf6 11. Ba6+ Kb8 12. f3 e4 13. fxe4 Bxe4 14. Bd3 Bxg2 15. Bf4+ Bd6 16. Bxd6+ Rxd6 17. Rg1 Bf3+ 18. Kd2 Rg8 19. Rae1 Bh5 20. Kc1 Bg6 21. Re7 Bxd3 22. cxd3 Rd7 23. Re3 g6 24. Rf3 Nd5 25. Ne4 Rgd8 26. Nc5 Re7 27. d4 f5 28. Nd3 Re4 29. Ne5 Ne7 30. Rc3 Rdxd4 31. Nxc6+ Nxc6 32. Rxc6 Rc4+ 33. Rxc4 Rxc4+ 34. Kd2 Rh4 35. Rg2 Kc7 36. Ke3 Kd6 0-1

[Event "Pardubice Czech op-A 35th"]
[Site "Pardubice"]
[Date "2024.07.27"]
[Round "9"]
[White "Priehoda, Vitezslav"]
[Black "Mik, Tomas"]
[Result "1-0"]
[WhiteElo "2260"]
[BlackElo "2002"]
[PlyCount "69"]
[EventDate "2024.07.19"]
[EventType "swiss"]
[EventRounds "9"]
[EventCountry "CZE"]
[SourceTitle "CBM 221 Extra"]
[Source "ChessBase"]
[SourceDate "2024.09.30"]
[SourceVersion "1"]
[SourceVersionDate "2024.09.30"]
[SourceQuality "1"]

1. Nf3 Nf6 2. b4 e6 3. a3 d5 4. e3 Bd6 5. Bb2 Nbd7 6. c4 c6 7. d4 0-0 8. Nbd2 Qe7 9. Ne5 Ne4 10. Nxe4 dxe4 11. Qc2 f5 12. Be2 a5 13. c5 Bc7 14. 0-0 Nf6 15. b5 Nd5 16. Rfd1 Bxe5 17. dxe5 cxb5 18. Bxb5 Bd7 19. Bxd7 Qxd7 20. Bd4 Rac8 21. Qe2 Qc6 22. Rab1 Rfd8 23. g3 Rd7 24. Rb3 a4 25. Rb2 Rcd8 26. Rdb1 f4 27. Qg4 Rf7 28. gxf4 Nxf4 29. exf4 Rxd4 30. Rb6 Qc8 31. c6 h5 32. Qxh5 e3 33. fxe3 Rd8 34. Rxb7 Rc7 35. Rxc7 1-0

[Event "Pardubice Czech op-A 35th"]
[Site "Pardubice"]
[Date "2024.07.26"]
[Round "8"]
[White "Mik, Tomas"]
[Black "Brozka, Karel"]
[Result "1/2-1/2"]
[WhiteElo "2002"]
[BlackElo "2232"]
[PlyCount "155"]
[EventDate "2024.07.19"]
[EventType "swiss"]
[EventRounds "9"]
[EventCountry "CZE"]
[SourceTitle "CBM 221 Extra"]
[Source "ChessBase"]
[SourceDate "2024.09.30"]
[SourceVersion "1"]
[SourceVersionDate "2024.09.30"]
[SourceQuality "1"]

1. e4 c6 2. Nc3 d5 3. Nf3 Nf6 4. e5 Ne4 5. Ne2 Qb6 6. d4 e6 7. Ng3 c5 8. Bd3 Nxg3 9. hxg3 Nc6 10. dxc5 Bxc5 11. 0-0 Bd7 12. c3 a5 13. Qe2 h6 14. Re1 Rf8 15. a4 f6 16. exf6 Rxf6 17. Be3 0-0-0 18. Bb5 Rdf8 19. Bxc5 Qxc5 20. Bxc6 bxc6 21. Qe5 g5 22. b4 Qa7 23. Re2 g4 24. Nd4 Qc7 25. Qe3 e5 26. Nb3 axb4 27. cxb4 Bf5 28. b5 d4 29. Qxe5 d3 30. Qxc7+ Kxc7 31. Rd2 cxb5 32. axb5 Rd6 33. Rc1+ Kb6 34. Rc6+ Rxc6 35. bxc6 Rd8 36. f3 Kxc6 37. Kf2 Kb5 38. fxg4 Bg6 39. Nc1 Kc4 40. Nxd3 Bxd3 41. Ra2 Kd4 42. Ra7 Rf8+ 43. Kg1 Rg8 44. Rd7+ Ke3 45. Re7+ Be4 46. Kh2 Rxg4 47. Kh3 Rg5 48. g4 Kf4 49. g3+ Kf3 50. Rf7+ Ke3 51. Rf6 Bg6 52. Kh4 Kd4 53. Ra6 Ke3 54. Rf6 Ke4 55. Ra6 Ke5 56. Rb6 Bf7 57. Rxh6 Rg7 58. g5 Bg6 59. Rh8 Kf5 60. g4+ Kf4 61. Rf8+ Ke5 62. Rf1 Be4 63. Rf8 Kd4 64. Rf1 Ke3 65. Rf8 Rh7+ 66. Kg3 Rg7 67. Kh4 Kd3 68. Rf1 Kd4 69. Rf8 Ke5 70. Rf1 Bg6 71. Rf6 Bf7 72. Rf1 Ke6 73. Rf2 Ke7 74. Rf1 Kf8 75. Rf2 Rh7+ 76. Kg3 Kg7 77. Rh2 Rxh2 78. Kxh2 1/2-1/2

[Event "Piestany Slovakia op-A"]
[Site "Piestany"]
[Date "2024.07.17"]
[Round "9"]
[White "Beres, Tomas"]
[Black "Mik, Tomas"]
[Result "1-0"]
[WhiteElo "2150"]
[BlackElo "2002"]
[PlyCount "47"]
[EventDate "2024.07.09"]
[EventType "swiss"]
[EventRounds "9"]
[EventCountry "SVK"]
[SourceTitle "EXT 2025"]
[Source "ChessBase"]
[SourceDate "2024.10.14"]
[SourceVersion "1"]
[SourceVersionDate "2024.10.14"]
[SourceQuality "1"]

1. e4 e5 2. Nc3 Nf6 3. Bc4 Nc6 4. d3 Be7 5. f4 d6 6. Nf3 0-0 7. 0-0 Bg4 8. h3 Bxf3 9. Qxf3 Na5 10. f5 c6 11. a4 Nxc4 12. dxc4 Nd7 13. Rd1 a5 14. Be3 Qc7 15. Rd2 Rad8 16. Rad1 Nc5 17. b3 Bf6 18. Ne2 Qe7 19. Qg4 Kh8 20. Ng3 h6 21. Nh5 b6 22. h4 Kh7 23. Nxf6+ Qxf6 24. Bg5 1-0

[Event "Piestany Slovakia op-A"]
[Site "Piestany"]
[Date "2024.07.14"]
[Round "6"]
[White "Mik, Tomas"]
[Black "Shi, Roger V"]
[Result "0-1"]
[WhiteElo "2002"]
[BlackElo "2005"]
[PlyCount "90"]
[EventDate "2024.07.09"]
[EventType "swiss"]
[EventRounds "9"]
[EventCountry "SVK"]
[SourceTitle "EXT 2025"]
[Source "ChessBase"]
[SourceDate "2024.10.14"]
[SourceVersion "1"]
[SourceVersionDate "2024.10.14"]
[SourceQuality "1"]

1. Nc3 c5 2. e4 Nc6 3. Nf3 g6 4. d4 cxd4 5. Nxd4 Bg7 6. Be3 Nf6 7. Nxc6 bxc6 8. e5 Ng8 9. Bd4 Qa5 10. Bc4 Bxe5 11. 0-0 f6 12. Re1 Nh6 13. Bxe5 fxe5 14. Qf3 Qc7 15. Qe3 Ng4 16. Qg5 d6 17. h3 Nf6 18. Re2 Rb8 19. Bb3 Rb4 20. Rd1 Rf4 21. g3 Rf5 22. Qh4 Rh5 23. Qc4 Rf8 24. Ba4 Bd7 25. Red2 Qb6 26. h4 d5 27. Qf1 d4 28. Qg2 Qa6 29. b3 Qa5 30. Ne4 Nd5 31. Rd3 Nb4 32. Rf3 Rhf5 33. Rxf5 gxf5 34. Ng5 h6 35. Nf3 Rf6 36. Qf1 f4 37. Qc4 Be6 38. Qe2 fxg3 39. Nxe5 gxf2+ 40. Kh2 f1Q 41. Rxf1 Rxf1 42. Nxc6 Qc7+ 43. Kg2 Rf6 44. Nxb4+ Kf8 45. Qh5 Bf7 0-1

[Event "Skalica op-A"]
[Site "Skalica"]
[Date "2023.08.25"]
[Round "7"]
[White "Zemkova, Klara"]
[Black "Mik, Tomas"]
[Result "1-0"]
[WhiteElo "1888"]
[BlackElo "1960"]
[PlyCount "89"]
[EventDate "2023.08.19"]
[EventType "swiss"]
[EventRounds "9"]
[EventCountry "SVK"]
[SourceTitle "CBM 215 Extra"]
[Source "ChessBase"]
[SourceDate "2023.09.30"]
[SourceVersion "1"]
[SourceVersionDate "2023.09.30"]
[SourceQuality "1"]

1. Nf3 Nf6 2. c4 g6 3. Nc3 Bg7 4. d4 c5 5. d5 d6 6. e4 0-0 7. Be2 e6 8. 0-0 exd5 9. cxd5 Bg4 10. Nd2 Bxe2 11. Qxe2 a6 12. a4 Re8 13. Qd3 Nbd7 14. Nc4 Ne5 15. Nxe5 Rxe5 16. Bf4 Re8 17. h3 Qc7 18. Rfe1 Nd7 19. Rac1 Qb6 20. Qd2 Ne5 21. Bxe5 Bxe5 22. f4 Bd4+ 23. Kh1 Qb4 24. f5 Kg7 25. Rf1 f6 26. fxg6 hxg6 27. Qf4 Qxb2 28. Rb1 Bxc3 29. Rxb2 Bxb2 30. Qxd6 c4 31. Qc7+ Kh8 32. Qxc4 Rad8 33. Qb4 Be5 34. Rd1 Rd7 35. Qd2 Kg7 36. Rc1 Red8 37. g4 g5 38. Qf2 Bf4 39. Rc2 Kg6 40. h4 Kh6 41. h5 Kg7 42. Qb6 Be5 43. Qe6 b5 44. axb5 axb5 45. Rc8 1-0

[Event "Skalica op-A"]
[Site "Skalica"]
[Date "2023.08.24"]
[Round "6"]
[White "Mik, Tomas"]
[Black "Kiraly, Lilla Virag"]
[Result "1/2-1/2"]
[WhiteElo "1960"]
[BlackElo "1862"]
[PlyCount "120"]
[EventDate "2023.08.19"]
[EventType "swiss"]
[EventRounds "9"]
[EventCountry "SVK"]
[SourceTitle "CBM 215 Extra"]
[Source "ChessBase"]
[SourceDate "2023.09.30"]
[SourceVersion "1"]
[SourceVersionDate "2023.09.30"]
[SourceQuality "1"]

1. e4 c5 2. Nf3 d6 3. d4 cxd4 4. Nxd4 Nf6 5. Nc3 Nc6 6. Be2 g6 7. Be3 Bg7 8. Qd2 Ng4 9. Bxg4 Bxg4 10. f3 Bd7 11. 0-0-0 0-0 12. Nxc6 bxc6 13. Bh6 Qb6 14. h4 Rab8 15. b3 Qa5 16. Bxg7 Kxg7 17. h5 Rh8 18. Qd4+ f6 19. f4 Bg4 20. Rde1 Rhd8 21. hxg6 hxg6 22. Rh4 Be6 23. f5 Bf7 24. Rg4 Qe5 25. Qxe5 fxe5 26. Re3 Rg8 27. fxg6 Bxg6 28. Reg3 Kf6 29. Nd1 Bf7 30. Ne3 Rxg4 31. Nxg4+ Ke6 32. Rc3 Kd7 33. Rd3 Ke6 34. Rc3 Rc8 35. Rc4 Bh5 36. Ne3 Be2 37. Rb4 Bb5 38. Nc4 Ra8 39. a4 a5 40. Nxa5 Rxa5 41. axb5 cxb5 42. Kd2 Kd7 43. Kd3 e6 44. g3 d5 45. exd5 exd5 46. Rh4 Ra1 47. Rh7+ Kc6 48. c3 Rd1+ 49. Kc2 Rg1 50. Rh6+ Kd7 51. Rg6 Rg2+ 52. Kd3 Rb2 53. Rg7+ Ke6 54. Rg6+ Kf5 55. Rd6 d4 56. cxd4 Rxb3+ 57. Kc2 Rxg3 58. dxe5 b4 59. Rb6 b3+ 60. Rxb3 Rxb3 1/2-1/2

[Event "Skalica op-A"]
[Site "Skalica"]
[Date "2023.08.20"]
[Round "2"]
[White "Mik, Tomas"]
[Black "Fizer, Marek"]
[Result "1-0"]
[WhiteElo "1960"]
[BlackElo "2093"]
[PlyCount "143"]
[EventDate "2023.08.19"]
[EventType "swiss"]
[EventRounds "9"]
[EventCountry "SVK"]
[SourceTitle "CBM 215 Extra"]
[Source "ChessBase"]
[SourceDate "2023.09.30"]
[SourceVersion "1"]
[SourceVersionDate "2023.09.30"]
[SourceQuality "1"]

1. e4 c5 2. Nf3 d6 3. d4 cxd4 4. Nxd4 Nf6 5. Nc3 Nc6 6. Be2 e5 7. Nf3 h6 8. h3 Be7 9. 0-0 0-0 10. Re1 Be6 11. Bf1 Re8 12. Nd5 Bf8 13. c4 Rc8 14. a3 Nd7 15. b4 g6 16. Bb2 Bg7 17. Qd2 Nb6 18. Rac1 Na4 19. Ba1 a5 20. Red1 axb4 21. axb4 f5 22. exf5 gxf5 23. Nc3 Nxc3 24. Bxc3 Qb6 25. b5 Nd8 26. Qxd6 Qxd6 27. Rxd6 Nf7 28. Rb6 Bxc4 29. Bxc4 Rxc4 30. Bd2 Rxc1+ 31. Bxc1 Rc8 32. Bd2 Rc7 33. Nh4 Rd7 34. Bb4 f4 35. Nf5 e4 36. Re6 Ng5 37. Re8+ Kf7 38. Nxg7 Kxg7 39. h4 Rd1+ 40. Kh2 Rb1 41. Re7+ Kg6 42. Bc3 Rb3 43. Bd2 Nf7 44. Bxf4 Rxb5 45. Rxe4 h5 46. Re7 Rb4 47. Kg3 b5 48. Re6+ Kf5 49. Re7 Kg6 50. Rb7 Rb2 51. f3 Rb3 52. Rc7 Nd8 53. Rc8 Ne6 54. Rh8 Nxf4 55. Kxf4 b4 56. Rg8+ Kh6 57. Rb8 Rb2 58. Rb6+ Kg7 59. g3 b3 60. Kg5 Rg2 61. Rb7+ Kg8 62. g4 hxg4 63. fxg4 b2 64. h5 Kh8 65. h6 Kg8 66. Kh5 Rc2 67. g5 Rd2 68. g6 Rh2+ 69. Kg5 Rg2+ 70. Kf5 Rf2+ 71. Ke5 Re2+ 72. Kf4 1-0

[Event "Pardubice Region-chT 2223"]
[Site "Czech Republic"]
[Date "2023.03.19"]
[Round "10.3"]
[White "Trojan, Lubos"]
[Black "Mik, Tomas"]
[Result "1/2-1/2"]
[WhiteElo "1887"]
[BlackElo "1878"]
[PlyCount "101"]
[EventDate "2022.10.09"]
[EventType "team-tourn"]
[EventRounds "11"]
[EventCountry "CZE"]
[SourceTitle "EXT 2024"]
[Source "ChessBase"]
[SourceDate "2023.10.10"]
[SourceVersion "1"]
[SourceVersionDate "2023.10.10"]
[SourceQuality "1"]

1. d4 d6 2. Nf3 Nd7 3. Bg5 c6 4. Nbd2 Qc7 5. e4 e5 6. c3 Ngf6 7. Be2 Be7 8. 0-0 0-0 9. Qc2 Rd8 10. h3 Nf8 11. Nh2 Ng6 12. Rae1 Be6 13. b3 b5 14. dxe5 dxe5 15. c4 Qa5 16. Rd1 b4 17. Bxf6 Bxf6 18. Bg4 Nf4 19. Ndf3 h5 20. Bxe6 Nxe6 21. Rfe1 Be7 22. Re2 f6 23. Nf1 Bc5 24. Ng3 g6 25. Red2 Nd4 26. Nxd4 Bxd4 27. Ne2 c5 28. Rd3 Rac8 29. Qd2 Kg7 30. a4 Qb6 31. Qe1 a5 32. Kh1 Rc6 33. Nc1 Rcd6 34. Qe2 R8d7 35. f3 Qd8 36. Qc2 f5 37. exf5 gxf5 38. Ne2 Kf6 39. Qd2 Qf8 40. Qe1 Qh6 41. f4 e4 42. Qh4+ Ke6 43. R3d2 Qg6 44. Nxd4+ Rxd4 45. Rxd4 cxd4 46. Qf2 Qf6 47. Qe2 d3 48. Qxh5 d2 49. Qe8+ Qe7 50. Qg6+ Qf6 51. Qe8+ 1/2-1/2

[Event "CZE-ch U12"]
[Site "Teplice"]
[Date "2023.03.18"]
[Round "9"]
[White "Mik, Tomas"]
[Black "Kroulik, Vaclav"]
[Result "1-0"]
[WhiteElo "1911"]
[BlackElo "1772"]
[PlyCount "67"]
[EventDate "2023.03.11"]
[EventType "swiss"]
[EventRounds "9"]
[EventCountry "CZE"]
[SourceTitle "CBM 213 Extra"]
[Source "ChessBase"]
[SourceDate "2023.05.31"]
[SourceVersion "1"]
[SourceVersionDate "2023.05.31"]
[SourceQuality "1"]

1. e4 c5 2. a3 d6 3. Nc3 Nc6 4. Nf3 Bg4 5. Bb5 a6 6. Bxc6+ bxc6 7. h3 Bd7 8. 0-0 g6 9. d3 Bg7 10. Be3 Rb8 11. Rb1 Nf6 12. Qd2 0-0 13. Bh6 Qc7 14. Bxg7 Kxg7 15. e5 Ng8 16. Ne4 f5 17. Qc3 Kh6 18. exd6 exd6 19. Neg5 Nf6 20. Rfe1 Bc8 21. Re2 Kg7 22. Rbe1 Rb7 23. Re8 Rxe8 24. Rxe8 d5 25. Ne6+ Bxe6 26. Rxe6 Qd8 27. Qxc5 Rxb2 28. Rxc6 Rb1+ 29. Kh2 Qb8+ 30. Rc7+ Kg8 31. g3 Rb5 32. Qe7 Qf8 33. Qe6+ Kh8 34. Rc8 1-0

[Event "CZE-chT2D 2223"]
[Site "Czech Republic"]
[Date "2022.12.18"]
[Round "5.5"]
[White "Mik, Tomas"]
[Black "Mouryc, Tomas"]
[Result "1-0"]
[WhiteElo "1878"]
[BlackElo "1925"]
[PlyCount "74"]
[EventDate "2022.10.16"]
[EventType "team-tourn"]
[EventRounds "11"]
[EventCountry "CZE"]
[SourceTitle "EXT 2024"]
[Source "ChessBase"]
[SourceDate "2023.10.10"]
[SourceVersion "1"]
[SourceVersionDate "2023.10.10"]
[SourceQuality "1"]
[WhiteTeam "Rychnov nad Kneznou Panda"]
[BlackTeam "Jihlava Gambit"]
[WhiteTeamCountry "CZE"]
[BlackTeamCountry "CZE"]

1. e4 d6 2. d4 Nf6 3. Nc3 Nbd7 4. f4 e5 5. Nf3 exd4 6. Nxd4 g6 7. Bd3 Bg7 8. 0-0 0-0 9. Kh1 c6 10. a4 Nc5 11. f5 Qe7 12. Re1 Nxd3 13. cxd3 Nd7 14. Be3 Ne5 15. Qd2 Ng4 16. Bg1 Bd7 17. Qf4 Ne5 18. Rad1 Rae8 19. Rf1 Bf6 20. Be3 g5 21. Qg3 Kg7 22. Bxg5 Kh8 23. Bxf6+ Qxf6 24. Rf4 Rg8 25. Qh3 Rg7 26. Nde2 Reg8 27. Ng3 Rg5 28. Rh4 R8g7 29. Nh5 Rxh5 30. Rxh5 Ng4 31. Rf1 Qd4 32. Nd1 c5 33. Qf3 f6 34. Nc3 Ne5 35. Qe2 Nxd3 36. Nd5 c4 37. Rh6 Rf7 1-0